Iconoclast : (Record no. 1176)

000 -LEADER
fixed length control field 01748nam a22003857a 4500
001 - CONTROL NUMBER
control field 12688225
003 - CONTROL NUMBER IDENTIFIER
control field OSt
005 - DATE AND TIME OF LATEST TRANSACTION
control field 20210426115914.0
008 - FIXED-LENGTH DATA ELEMENTS--GENERAL INFORMATION
fixed length control field 020227s2002 mdua b 001 0beng
010 ## - LIBRARY OF CONGRESS CONTROL NUMBER
LC control number 2002003252
020 ## - INTERNATIONAL STANDARD BOOK NUMBER
International Standard Book Number 0801871247 (hardcover : alk. paper)
035 ## - SYSTEM CONTROL NUMBER
System control number (DLC) 2002003252
035 ## - SYSTEM CONTROL NUMBER
System control number (DLC)4215
040 ## - CATALOGING SOURCE
Original cataloging agency DLC
Transcribing agency DLC
Modifying agency DLC
042 ## - AUTHENTICATION CODE
Authentication code pcc
043 ## - GEOGRAPHIC AREA CODE
Geographic area code n-us---
050 00 - LIBRARY OF CONGRESS CALL NUMBER
Classification number LB875.F583
Item number B66 2002
080 ## - UNIVERSAL DECIMAL CLASSIFICATION NUMBER
Universal Decimal Classification number 92
Item number B-76
082 00 - DEWEY DECIMAL CLASSIFICATION NUMBER
Classification number 370/.92
-- B
Edition number 21
100 1# - MAIN ENTRY--PERSONAL NAME
Personal name Bonner, Thomas Neville.
245 10 - TITLE STATEMENT
Title Iconoclast :
Remainder of title Abraham Flexner and a life in learning /
Statement of responsibility, etc. Thomas Neville Bonner.
260 ## - PUBLICATION, DISTRIBUTION, ETC.
Place of publication, distribution, etc. Baltimore :
Name of publisher, distributor, etc. Johns Hopkins University Press,
Date of publication, distribution, etc. c2002.
300 ## - PHYSICAL DESCRIPTION
Extent xvi, 376 p. :
Other physical details ill. ;
Dimensions 25 cm.
504 ## - BIBLIOGRAPHY, ETC. NOTE
Bibliography, etc. note Includes bibliographical references (p. 311-351) and index.
505 0# - FORMATTED CONTENTS NOTE
Formatted contents note "Our children will justify us" -- A university like no other -- Mr. Flexner's school -- Breaking free -- A legend is born -- Master of the survey -- A secure berth, at last -- At the pinnacle -- A fall from Olympus -- Phoenix rising -- A last hurrah -- Final battles -- "I burn that I may be of use".
600 10 - SUBJECT ADDED ENTRY--PERSONAL NAME
Personal name Flexner, Abraham,
Dates associated with a name 1866-1959.
650 #0 - SUBJECT ADDED ENTRY--TOPICAL TERM
Topical term or geographic name entry element Educators
Geographic subdivision United States
Form subdivision Biography.
653 ## - INDEX TERM--UNCONTROLLED
Uncontrolled term ბიოგრაფია
856 42 - ELECTRONIC LOCATION AND ACCESS
Materials specified Contributor biographical information
Uniform Resource Identifier <a href="http://www.loc.gov/catdir/bios/jhu051/2002003252.html">http://www.loc.gov/catdir/bios/jhu051/2002003252.html</a>
856 42 - ELECTRONIC LOCATION AND ACCESS
Materials specified Publisher description
Uniform Resource Identifier <a href="http://www.loc.gov/catdir/description/jhu051/2002003252.html">http://www.loc.gov/catdir/description/jhu051/2002003252.html</a>
856 42 - ELECTRONIC LOCATION AND ACCESS
Materials specified Book review (H-Net)
Uniform Resource Identifier <a href="http://www.h-net.org/review/hrev-a0d2k1-aa">http://www.h-net.org/review/hrev-a0d2k1-aa</a>
906 ## - LOCAL DATA ELEMENT F, LDF (RLIN)
a 7
b cbc
c orignew
d 1
e ecip
f 20
g y-gencatlg
942 ## - ADDED ENTRY ELEMENTS (KOHA)
Source of classification or shelving scheme
Koha item type Books
Holdings
Withdrawn status Lost status Source of classification or shelving scheme Damaged status Not for loan Permanent location Current location Date acquired Inventory number Total Checkouts Full call number Barcode Date last seen Price effective from Koha item type
          Ken Walker International University Ken Walker International University 02/04/2021 722   92 B-76 722 02/04/2021 02/04/2021 Books

Powered by Koha